| 000 | 01219cam a22003615i 4500 | ||
|---|---|---|---|
| 001 | 24138903 | ||
| 005 | 20250521152122.0 | ||
| 008 | 250404s2025 ii 000 0 eng | ||
| 010 | _a 2025349816 | ||
| 020 | _a9789356404168 | ||
| 025 | _aI-E-2025349816; 56-91 | ||
| 037 | _cTB | ||
| 040 |
_aCRL _beng _erda _cCRL _dCRL |
||
| 042 | _alcode | ||
| 084 |
_aR39(Y).2 R5 _qCRL |
||
| 245 | 0 | 0 |
_aPosthumanism and India : _ba critical cartography / |
| 260 |
_aNew Delhi, India: _bBloomsbury, _c2025. |
||
| 264 | 1 | _c2025. | |
| 300 | _a280p. | ||
| 336 |
_atext _btxt _2rdacontent |
||
| 337 |
_aunmediated _bn _2rdamedia |
||
| 338 |
_avolume _bnc _2rdacarrier |
||
| 365 |
_b1599.00 _cINR |
||
| 650 |
_aHumanism _926319 |
||
| 650 | _aPhilosophy | ||
| 700 |
_aBanerji, Debashish _eeditor. _9753109 |
||
| 700 |
_aIslam, Md. Monirul _eeditor. _9753110 |
||
| 700 |
_aSengupta, Samrat _eeditor. _9753111 |
||
| 906 |
_a7 _bpar _corigode _d3 _encip _f20 _gy-gencatlg |
||
| 942 |
_2CC _cTB _hR39(Y).2 R5 _n0 |
||
| 999 |
_c1309431 _d1309431 |
||